| 000 | 01568nam a2200397Ia 4500 | ||
|---|---|---|---|
| 001 | vtls003196273 | ||
| 003 | MY-SjTCS | ||
| 005 | 20200226110654.0 | ||
| 006 | m u | ||
| 007 | cr cn||||||||| | ||
| 008 | 100712s2007 dcu s 001 0 eng d | ||
| 010 | _z 2006-102895 | ||
| 020 | _z9780821370360 | ||
| 020 | _z9780821370377 (electronic) | ||
| 035 | _a(CaPaEBR)ebr10176234 | ||
| 039 | 9 |
_y201007121704 _zVLOAD |
|
| 040 |
_aCaPaEBR _cCaPaEBR |
||
| 050 | 1 | 4 |
_aHG8720 _b.A43 2007eb |
| 082 | 0 | 4 |
_a368.1/210091724 _222 |
| 100 | 1 |
_aAlderman, Harold, _d1948- |
|
| 245 | 1 | 0 |
_aInsurance against covariate shocks _h[electronic resource] : _bthe role of index-based insurance in social protection in low-income countries of Africa / _cHarold Alderman and Trina Haque. |
| 260 |
_aWashington, DC : _bWorld Bank, _c2007. |
||
| 300 | _avii, 34 p. | ||
| 500 | _aIncludes index. | ||
| 529 | _aTSLHHL | ||
| 533 |
_aElectronic reproduction. _bPalo Alto, Calif. : _cebrary, _d2009. _nAvailable via World Wide Web. _nAccess may be limited to ebrary affiliated libraries. |
||
| 650 | 0 |
_aInsurance _zAfrica. |
|
| 650 | 0 |
_aPoverty _zAfrica. _939678 |
|
| 650 | 0 |
_aRisk (Insurance) _zAfrica. |
|
| 651 | 0 |
_aAfrica _xEconomic conditions _y1960- _921192 |
|
| 655 | 7 |
_aElectronic books. _2local |
|
| 700 | 1 | _aHaque, Trina. | |
| 710 | 2 |
_aWorld Bank. _93321 |
|
| 710 | 2 |
_aebrary, Inc. _925628 |
|
| 856 | 4 | 0 |
_uhttps://ezproxy.taylors.edu.my/login?url=http://site.ebrary.com/lib/taylorscollege/Doc?id=10176234 _zAn electronic book accessible through the World Wide Web; click to view |
| 999 | _c70502 | ||